| 000 | 00351nam a2200145Ia 4500 | ||
|---|---|---|---|
| 008 | 200615s9999||||xx |||||||||||||| ||und|| | ||
| 020 | _a8120416104 | ||
| 082 |
_a650 _bDES-U |
||
| 100 | _aUDAI PAREEK | ||
| 245 | 0 | _aDESIGNING AND MANAGING HUMAN RESOURSE SYSTEMS | |
| 250 | _a1ST | ||
| 260 |
_aNew Delhi _bOXFORD _c2018 |
||
| 300 | _a622 | ||
| 942 | _cBK | ||
| 999 |
_c26757 _d26757 |
||